| 000 | 00444nam a22001697a 4500 | ||
|---|---|---|---|
| 005 | 20251108175722.0 | ||
| 008 | 250721s2019 xx 000 0 eng d | ||
| 082 | 1 | 4 | _aJ/F/THA |
| 245 | 1 | 0 | _aThankfulness / |
| 264 |
_bHOME APPLIED TRAINING, _c2019. |
||
| 300 | _a16 ص. | ||
| 490 | 0 | _aValue Based Stories | |
| 650 | 1 | 7 | _aFICTION |
| 653 | _aاطفال مرحلة متوسطة من (6-9( سنوات | ||
| 942 |
_2ddc _cBK |
||
| 999 |
_c140761 _d140761 |
||